IFM Opac

Manual of industrial project analysis in developing countries (Record no. 4808)

MARC details
000 -LEADER
fixed length control field 00575nam a2200157Ia 4500
008 - FIXED-LENGTH DATA ELEMENTS--GENERAL INFORMATION
fixed length control field 150509s9999 xx 000 0 und d
082 ## - DEWEY DECIMAL CLASSIFICATION NUMBER
Classification number REF 658.404091724 ORG
100 ## - MAIN ENTRY--PERSONAL NAME
Personal name Little, Ian M. D.Mirrless, James A.
245 ## - TITLE STATEMENT
Title Manual of industrial project analysis in developing countries
260 ## - PUBLICATION, DISTRIBUTION, ETC.
Place of publication, distribution, etc. Paris:
260 ## - PUBLICATION, DISTRIBUTION, ETC.
Name of publisher, distributor, etc. Development centre of the Organization of Economic Cooperation and Development
260 ## - PUBLICATION, DISTRIBUTION, ETC.
Date of publication, distribution, etc. 1968
300 ## - PHYSICAL DESCRIPTION
Extent 280 p. : ill. ; 24 cm.
500 ## - GENERAL NOTE
General note Includes bibliographical references and index
650 ## - SUBJECT ADDED ENTRY--TOPICAL TERM
Topical term or geographic name entry element Principles of management, project management
Holdings
Withdrawn status Lost status Source of classification or shelving scheme Damaged status Not for loan Home library Current library Shelving location Date acquired Total Checkouts Full call number Barcode Date last seen Price effective from Koha item type
Withdrawn   Dewey Decimal Classification     IFM Main Campus Library IFM Main Campus Library Stack Collection 05/15/2015   REF 658.404091724 ORG 0000013114 05/15/2015 05/15/2015 Books